00558nam a2200193Ia 450000500170000000800410001702000180005804000180007604100080009408200160010210000180011824500720013625000120020826000380022030000230025865000280028165000300030965000250033920220214094645.0210716s2009 xx 000 0 und d a9788174466990 cAIMIT LIBRARY aeng a658.3 DEBT1 aDeb, Tapomoy. aManaging human resources and industrial relations /cByTapomoy Deb. a1st ed. aNew Delhi :bExcel Books ;c2009. axvi, 669p ;c27cm. aHuman resource planning aRecruitment and selection aIndustrial relations